000 00820cam a22002533a 4500
001 3296
003 PGUSA
005 20140828083030.0
008 020601s2002||||xxu|||||s|||||000 | eng d
040 _aPGUSA
_beng
042 _adc
050 4 _aBR
100 1 _aAugustine,, Bishop of Hippo
_cSaint,
_d354-430
245 1 4 _aThe Confessions of St. Augustine
_h[electronic resource] /
_cBishop of Hippo Augustine,
260 _bProject Gutenberg,
_c2002
506 _aPublic domain in the USA.
516 _aElectronic text
653 _aAugustine, Saint, Bishop of Hippo
653 _aChristian saints -- Algeria -- Hippo (Extinct city) -- Biography
700 1 _aPusey, E. B.
_q(Edward Bouverie),
_d1800-1882
830 0 _aProject Gutenberg
_v3296
856 4 0 _uhttp://www.gutenberg.org/ebooks/3296
942 _cEB
999 _c232625
_d232625